[Event "MMaS_2014_U10"]
[Site "?"]
[Date "2014.10.27"]
[Round "6.8"]
[White "Rùzickova, Ema"]
[Black "Reznicek, Štìpán"]
[Result "1-0"]
[WhiteElo "1094"]
[BlackElo "1130"]
[PlyCount "39"]
[EventDate "2014.10.25"]

1. e4 e5 2. f4 exf4 3. Nf3 Nc6 4. Bb5 Bc5 5. Nc3 d6 6. d3 Bg4 7. Na4 Nf6 8.
Nxc5 dxc5 9. O-O O-O 10. Bxc6 bxc6 11. Bxf4 Rb8 12. b3 h5 13. Bd2 Bxf3 14. Rxf3
Qd4+ 15. Be3 Qxa1 16. Rf1 Qe5 17. Rf5 Qe8 18. Qe2 Qc8 19. Qe1 Qd7 20. Qf2 1-0

[Event "MMaS_2014_U10"]
[Site "?"]
[Date "2014.10.27"]
[Round "6.9"]
[White "Habinova, Alice"]
[Black "Vankova, Marie"]
[Result "1/2-1/2"]
[WhiteElo "1124"]
[BlackElo "1000"]
[PlyCount "65"]
[EventDate "2014.10.25"]

1. e4 e5 2. Nf3 Nc6 3. d4 exd4 4. Bc4 Bc5 5. c3 Nf6 6. O-O d5 7. exd5 Nxd5 8.
Bxd5 Qxd5 9. Be3 O-O 10. cxd4 Nxd4 11. Nxd4 Bxd4 12. Nc3 Qc5 13. Bxd4 Re8 14.
Re1 Be6 15. Rc1 Rad8 16. Ne2 Qd5 17. Rc5 Qd6 18. Rg5 g6 19. Qd2 c5 20. Rxc5 b6
21. Rc3 Bxa2 22. b3 Qa3 23. Ra1 b5 24. Rxa2 Rxd4 25. Nxd4 Qxa2 26. Rc2 Qa1+ 27.
Rc1 Qa3 28. h3 Qd6 29. Rd1 Re4 30. f3 Rf4 31. g3 Rf6 32. f4 h6 33. Re1 1/2-1/2

[Event "MMaS_2014_U10"]
[Site "?"]
[Date "2014.10.27"]
[Round "6.10"]
[White "Gres, Michal"]
[Black "Havel, Vojtech"]
[Result "1-0"]
[WhiteElo "1092"]
[BlackElo "1100"]
[PlyCount "63"]
[EventDate "2014.10.25"]

1. e4 e5 2. Nf3 Nc6 3. d4 Bd6 4. Bc4 Nf6 5. d5 Nb4 6. c3 Bc5 7. cxb4 Bxb4+ 8.
Nc3 O-O 9. Bg5 h6 10. Bh4 g5 11. Nxg5 hxg5 12. Bxg5 d6 13. Qd2 Bg4 14. f3 Bxc3
15. Qxc3 Bh5 16. g4 Bg6 17. h4 Qd7 18. h5 Bh7 19. Bxf6 c6 20. O-O-O b5 21. Bb3
c5 22. Rdg1 b4 23. Qe3 Rac8 24. Qg5+ Bg6 25. hxg6 fxg6 26. Rh8+ Kf7 27. Rh7+
Ke8 28. Rxd7 Kxd7 29. Rh1 Ke8 30. Qxg6+ Rf7 31. Rh8+ Kd7 32. Qxf7# 1-0

[Event "MMaS_2014_U12"]
[Site "?"]
[Date "2014.10.27"]
[Round "6.1"]
[White "Ocko, Dominik"]
[Black "Mica, Marek"]
[Result "1/2-1/2"]
[WhiteElo "1561"]
[BlackElo "1582"]
[PlyCount "57"]
[EventDate "2014.??.??"]

1. e4 c5 2. Nf3 d6 3. Bb5+ Bd7 4. Bxd7+ Qxd7 5. O-O Nf6 6. e5 dxe5 7. Nxe5 Qd5
8. Re1 Nc6 9. Nc3 Qd8 10. Nxc6 bxc6 11. Qf3 Nd5 12. Ne4 e6 13. d3 Qb6 14. Ng5
Nf6 15. Qe2 Be7 16. Nxf7 Kxf7 17. Qxe6+ Kg6 18. f4 h6 19. f5+ Kh7 20. Bxh6 Kxh6
21. Qf7 Kh7 22. Qg6+ Kg8 23. Rxe7 Rh7 24. Rae1 Rf8 25. b3 c4+ 26. Kh1 cxd3 27.
cxd3 Qf2 28. h3 Qf4 29. Kg1 1/2-1/2

[Event "MMaS_2014_U12"]
[Site "?"]
[Date "2014.10.27"]
[Round "6.2"]
[White "Krejcok, Tobias"]
[Black "Demko, Robert"]
[Result "1/2-1/2"]
[WhiteElo "1594"]
[BlackElo "1665"]
[PlyCount "152"]
[EventDate "2014.??.??"]

1. e4 c5 2. Nf3 d6 3. d4 cxd4 4. Nxd4 Nf6 5. Nc3 a6 6. f3 e5 7. Nb3 Be7 8. Be3
Be6 9. Be2 O-O 10. Qd2 Nbd7 11. O-O-O Qc7 12. Kb1 b5 13. a3 Rfb8 14. h4 Nb6 15.
Bxb6 Qxb6 16. f4 Bc4 17. Bf3 a5 18. fxe5 dxe5 19. Nd5 Nxd5 20. exd5 Bd6 21. h5
b4 22. a4 h6 23. Be4 Qd8 24. Rdg1 Qd7 25. g4 f6 26. Qf2 Kh8 27. Qf5 Qxf5 28.
gxf5 Kg8 29. Rg6 Kf7 30. Rhg1 Rg8 31. Nd2 Ba6 32. Bd3 Bb7 33. Bc4 Rad8 34. Ne4
Ba8 35. b3 Bb7 36. Rd1 Rge8 37. Bb5 Re7 38. Bc6 Bc8 39. Rdg1 Kf8 40. Nxf6 Bxf5
41. Rxh6 gxh6 42. Rg8+ Kf7 43. Rxd8 Kxf6 44. Rxd6+ Kg5 45. Rd8 Ra7 46. d6 Kxh5
47. d7 Ra6 48. Rc8 Rxc6 49. Rxc6 Bxd7 50. Rc5 Kg4 51. Rxe5 h5 52. Rxa5 h4 53.
Rd5 Bc6 54. Rd4+ Kg3 55. Rxb4 h3 56. Rb8 h2 57. Rh8 h1=Q+ 58. Rxh1 Bxh1 59. Kb2
Kf4 60. Kc3 Ke5 61. Kc4 Kd6 62. Kb5 Kc7 63. Ka6 Be4 64. b4 Bxc2 65. a5 Kb8 66.
Kb6 Be4 67. a6 Bf3 68. Kc5 Bg2 69. Kb6 Bf3 70. a7+ Ka8 71. Kc7 Kxa7 72. b5 Bg2
73. b6+ Ka8 74. Kc8 Bb7+ 75. Kc7 Bg2 76. Kc8 Bb7+ 1/2-1/2

[Event "MMaS_2014_U12"]
[Site "?"]
[Date "2014.10.27"]
[Round "6.3"]
[White "Richterova, Julie"]
[Black "Dvorakova, Olga"]
[Result "1-0"]
[WhiteElo "1564"]
[BlackElo "1510"]
[PlyCount "59"]
[EventDate "2014.10.25"]

1. Nf3 Nf6 2. d4 e6 3. c4 b6 4. Nc3 Bb4 5. Qc2 Bb7 6. a3 Be7 7. e4 d6 8. Bd3 h6
9. O-O O-O 10. h3 Nbd7 11. Be3 e5 12. Nd5 c6 13. Nxe7+ Qxe7 14. Rfd1 Rac8 15.
Rac1 d5 16. Qb1 exd4 17. Nxd4 Nxe4 18. Re1 Ng5 19. Nf5 Qd8 20. Bxg5 Qxg5 21.
Ne7+ Kh8 22. Nxc8 Bxc8 23. cxd5 cxd5 24. Bf5 Qd8 25. Qd3 Nc5 26. Qf3 Bxf5 27.
Qxf5 g6 28. Qf3 Qd6 29. Rcd1 Rd8 30. Qxf7 1-0

[Event "MMaS_2014_U12"]
[Site "?"]
[Date "2014.10.27"]
[Round "6.4"]
[White "Nemec, David"]
[Black "Machacek, Lukas"]
[Result "1-0"]
[WhiteElo "1559"]
[BlackElo "1481"]
[PlyCount "111"]
[EventDate "2014.10.25"]

1. e4 e6 2. d4 d5 3. Nd2 c5 4. c3 Qb6 5. exd5 exd5 6. Qe2+ Be6 7. dxc5 Bxc5 8.
Nb3 Bd6 9. Be3 Qc7 10. Nd4 Qd7 11. Nxe6 fxe6 12. Nf3 Nc6 13. Rd1 Nge7 14. Nd4
e5 15. Nxc6 Qxc6 16. Qg4 g6 17. Be2 h5 18. Qg5 Rf8 19. O-O Rf5 20. Qh4 a6 21.
f3 Bc5 22. Qf2 Bxe3 23. Qxe3 O-O-O 24. Bd3 e4 25. fxe4 Rxf1+ 26. Rxf1 dxe4 27.
Bxe4 Qb5 28. b3 Qd7 29. Re1 Nf5 30. Qc5+ Qc7 31. Bxf5+ gxf5 32. Qxf5+ Kb8 33.
Qe5 Qxe5 34. Rxe5 Rd1+ 35. Kf2 Rd2+ 36. Re2 Rd6 37. Kg3 Rd3+ 38. Kh4 Rxc3 39.
Kxh5 Rc5+ 40. Kg4 Rc8 41. h4 Rg8+ 42. Kh3 Kc7 43. g4 Kd6 44. h5 Rh8 45. Kh4 Rf8
46. h6 Rf1 47. Kh5 Rh1+ 48. Kg6 Rg1 49. g5 Rc1 50. h7 Rc8 51. Kh6 Kd5 52. g6
Kd4 53. Re7 Kc3 54. Rxb7 Kb2 55. a4 Rd8 56. Kg7 1-0

[Event "MMaS_2014_U12"]
[Site "?"]
[Date "2014.10.27"]
[Round "6.5"]
[White "Bosak, Rene"]
[Black "Szotkowski, David"]
[Result "0-1"]
[WhiteElo "1407"]
[BlackElo "1532"]
[Annotator "Doe,John"]
[PlyCount "44"]
[EventDate "2014.10.25"]

1. e4 c5 2. Nf3 Nc6 3. d4 cxd4 4. Nxd4 g6 5. Nc3 Bg7 6. Be3 Nf6 7. Be2 d6 8.
O-O O-O 9. Qd2 Bd7 10. f4 Bg4 11. f5 Bxe2 12. Qxe2 Nxe4 13. Nxc6 Nxc3 14. Qc4
bxc6 15. bxc3 c5 16. Rf3 Qa5 17. Bg5 Qc7 18. Qh4 Rae8 19. Raf1 c4 20. fxg6 fxg6
21. Rh3 Rxf1+ 22. Kxf1 Rf8+ {Dále neèitelný zápis} 0-1

[Event "MMaS_2014_U12"]
[Site "?"]
[Date "2014.10.27"]
[Round "6.6"]
[White "Hrabal, Matìj"]
[Black "Tajovský, Matìj"]
[Result "1-0"]
[WhiteElo "1498"]
[BlackElo "1407"]
[PlyCount "105"]
[EventDate "2014.10.25"]

1. e4 c5 2. Nf3 d6 3. d4 cxd4 4. Nxd4 Nf6 5. Nc3 Nc6 6. Be3 Ng4 7. Nf5 g6 8.
Qxg4 gxf5 9. exf5 a6 10. Qe4 Bg7 11. Na4 Qc7 12. Nb6 Rb8 13. Nd5 Qd7 14. f6 Qf5
15. fxg7 Rg8 16. Qxf5 Bxf5 17. O-O-O Rxg7 18. Bd4 e5 19. Bb6 Rc8 20. Ne3 Be6
21. Bc4 Ke7 22. Bxe6 fxe6 23. Rd2 Nb4 24. a3 Nd5 25. Rxd5 exd5 26. Nf5+ Kf6 27.
Nxg7 Kxg7 28. Rd1 d4 29. f4 Kg6 30. fxe5 dxe5 31. Rd3 Rf8 32. Bc7 Rf5 33. g4
Rg5 34. h4 Rxg4 35. Bxe5 Rxh4 36. Rxd4 Rh5 37. Bd6 Rf5 38. Rd2 Rf7 39. Rg2+ Kf5
40. Rf2+ Kg6 41. Rxf7 Kxf7 42. Kd2 Ke6 43. Bg3 Kd5 44. Kd3 b5 45. Bf2 h6 46.
Kc3 a5 47. Bb6 a4 48. Kb4 Kc6 49. Bf2 h5 50. c3 h4 51. Bxh4 Kb6 52. Bf2+ Ka6
53. Bd4 1-0

[Event "MMaS_2014_U12"]
[Site "?"]
[Date "2014.10.27"]
[Round "6.7"]
[White "Kureš, Michael"]
[Black "Mikesch, Dalibor"]
[Result "1-0"]
[WhiteElo "1486"]
[BlackElo "1359"]
[Annotator "Doe,John"]
[PlyCount "35"]
[EventDate "2014.10.25"]

1. f4 d5 2. Nf3 g6 3. e3 Bg7 4. Nc3 c5 5. Bb5+ Bd7 6. Bxd7+ Qxd7 7. Ne5 Bxe5 8.
fxe5 Nh6 9. d4 cxd4 10. exd4 Nf5 11. O-O O-O 12. Qg4 Nc6 13. Bg5 Rfe8 14. Bh4
Ncxd4 15. Rad1 Qc7 16. Nxd5 e6 17. Nf6+ Kf8 18. Nd7+ {Neèitelné oba partiáøe.}
1-0

[Event "MMaS_2014_U12"]
[Site "?"]
[Date "2014.10.27"]
[Round "6.8"]
[White "Petøíèek, Lukáš"]
[Black "Kopec, Ladislav"]
[Result "1-0"]
[WhiteElo "1128"]
[BlackElo "1484"]
[PlyCount "55"]
[EventDate "2014.10.25"]

1. e4 c5 2. Nf3 d6 3. d4 cxd4 4. Nxd4 Nf6 5. Nc3 a6 6. Bc4 e6 7. O-O b5 8. Bb3
Bb7 9. Qe2 b4 10. Ba4+ Nbd7 11. Nd1 Nxe4 12. Re1 Be7 13. Bc6 Nec5 14. Qf3 d5
15. Bxb7 Nxb7 16. Nc6 Qc7 17. Nxe7 Kxe7 18. c3 Nf6 19. Bg5 Rad8 20. Ne3 Qc6 21.
Rad1 Kf8 22. Bxf6 gxf6 23. Qxf6 Rg8 24. Qh6+ Rg7 25. Nf5 Ke8 26. Nxg7+ Kd7 27.
Qf6 Rf8 28. Nxe6 1-0

[Event "MMaS_2014_U12"]
[Site "?"]
[Date "2014.10.27"]
[Round "6.9"]
[White "Sebesta, Jan"]
[Black "Oplustil, Pavel"]
[Result "1/2-1/2"]
[WhiteElo "1511"]
[BlackElo "1310"]
[PlyCount "83"]
[EventDate "2014.10.25"]

1. e4 c5 2. c3 d5 3. exd5 Qxd5 4. d4 Nf6 5. Nf3 Bg4 6. Nbd2 Nc6 7. Bc4 Bxf3 8.
Qb3 Na5 9. Qb5+ Qc6 10. Nxf3 Nxc4 11. Qxc4 e6 12. Be3 Qd5 13. Qb5+ Nd7 14. dxc5
a6 15. Qa4 Bxc5 16. Bxc5 Qxc5 17. Qd4 Qxd4 18. Nxd4 O-O 19. O-O Ne5 20. Rad1
Rac8 21. Rfe1 Ng6 22. Nb3 b6 23. Rd6 Rb8 24. Red1 Nf4 25. Kf1 Nd5 26. c4 Nf6
27. Nd2 Rfd8 28. Nf3 Rxd6 29. Rxd6 Kf8 30. Ke2 Ke7 31. Rd4 h6 32. Ne5 Rc8 33.
h4 Rc7 34. Ke3 Nd7 35. Nxd7 Rxd7 36. Rxd7+ Kxd7 37. Kd4 Kd6 38. f4 f6 39. b4
e5+ 40. Ke4 exf4 41. Kxf4 g6 42. Ke4 1/2-1/2

[Event "MMaS_2014_U12"]
[Site "?"]
[Date "2014.10.27"]
[Round "6.10"]
[White "Blaha, Marek"]
[Black "Karlík, Jáchym"]
[Result "1-0"]
[WhiteElo "1435"]
[BlackElo "1193"]
[PlyCount "47"]
[EventDate "2014.10.25"]

1. d4 e6 2. Nf3 Nf6 3. Bf4 Be7 4. Nbd2 O-O 5. e4 d5 6. e5 Ne4 7. Bd3 Nxd2 8.
Qxd2 b6 9. O-O c5 10. dxc5 bxc5 11. c4 dxc4 12. Be4 Ba6 13. Qxd8 Rxd8 14. Bxa8
f5 15. exf6 Bxf6 16. Be5 Bxe5 17. Nxe5 c3 18. Rad1 Rxd1 19. Rxd1 h6 20. Be4 g5
21. Rd8+ Kg7 22. Rxb8 Kf6 23. Ng4+ Ke7 24. bxc3 1-0

[Event "MMaS_2014_U12"]
[Site "?"]
[Date "2014.10.27"]
[Round "6.11"]
[White "Suchanek, Hanus"]
[Black "Matus, Filip"]
[Result "0-1"]
[WhiteElo "1310"]
[BlackElo "1329"]
[PlyCount "138"]
[EventDate "2014.10.25"]

1. e4 e5 2. Nf3 Nc6 3. d4 exd4 4. Nxd4 Nf6 5. Nxc6 bxc6 6. Bd3 d6 7. O-O Be7 8.
Bg5 O-O 9. Re1 Re8 10. Nd2 Bb7 11. Nf1 h6 12. Bh4 c5 13. f3 Qd7 14. Ne3 g6 15.
Qd2 Nxe4 16. fxe4 Bxh4 17. Rf1 Bxe4 18. Bc4 Rf8 19. Rf4 Qe7 20. Nd5 Bxd5 21.
Bxd5 Bg5 22. Bxa8 Bxf4 23. Qxf4 Rxa8 24. Qxh6 Re8 25. Qd2 Qe3+ 26. Qxe3 Rxe3
27. Kf2 Re4 28. Rd1 f5 29. Rd3 Kg7 30. Ra3 Rd4 31. Rxa7 Rd2+ 32. Kf3 Rxc2 33.
Rxc7+ Kf6 34. a4 Rxb2 35. a5 Ra2 36. Ra7 c4 37. Rc7 Rxa5 38. Rxc4 d5 39. Rd4
Ke5 40. Rd2 d4 41. Re2+ Kf6 42. Kf4 Ra4 43. Rd2 g5+ 44. Kf3 Ra3+ 45. Kf2 Ke5
46. g3 Ke4 47. h4 gxh4 48. gxh4 Rh3 49. Ke1 Rxh4 50. Re2+ Kd5 51. Rf2 Ke5 52.
Ke2 Rh3 53. Kd2 Ke4 54. Re2+ Re3 55. Rh2 f4 56. Rh8 d3 57. Re8+ Kf3 58. Rf8 Re7
59. Kxd3 Rd7+ 60. Kc4 Kg3 61. Rg8+ Kf2 62. Kc3 f3 63. Kc2 Ke1 64. Re8+ Kf1 65.
Rf8 f2 66. Rf6 Rd4 67. Rf8 Ke2 68. Re8+ Kf3 69. Kc3 Rf4 0-1

[Event "MMaS_2014_U12"]
[Site "?"]
[Date "2014.10.27"]
[Round "6.12"]
[White "Kubala, Vojtech"]
[Black "Zavadil, Matyas"]
[Result "0-1"]
[WhiteElo "1262"]
[BlackElo "1613"]
[PlyCount "94"]
[EventDate "2014.10.25"]

1. e4 c5 2. Nf3 Nc6 3. d4 cxd4 4. Nxd4 g6 5. Nc3 Bg7 6. Nxc6 bxc6 7. Bc4 d6 8.
O-O Bb7 9. Re1 Nf6 10. Bg5 O-O 11. Qd2 Qc7 12. Bh6 e6 13. Bxg7 Kxg7 14. Rad1
Nxe4 15. Nxe4 d5 16. Bxd5 cxd5 17. Ng5 Qe7 18. Qc3+ Kg8 19. Nf3 f6 20. Nd4 e5
21. Nc6 Qc7 22. Nb4 Qxc3 23. bxc3 Rfd8 24. f3 a5 25. Nd3 Rac8 26. Nf2 Rxc3 27.
Rc1 Rdc8 28. Re2 Ba6 29. Rd2 d4 30. Rb1 Rxc2 31. Rxc2 Rxc2 32. h3 Rxa2 33. Rb6
Be2 34. Rxf6 a4 35. Re6 a3 36. Rxe5 d3 37. Rd5 d2 38. Kh2 Rc2 39. Kg3 a2 40.
Ra5 d1=Q 41. Nxd1 Bxd1 42. Kf4 Rb2 43. Kg5 Be2 44. Kf6 Rb6+ 45. Ke7 Ra6 46.
Rxa2 Rxa2 47. Ke6 Bd1 0-1

[Event "MMaS_2014_U12"]
[Site "?"]
[Date "2014.10.27"]
[Round "6.13"]
[White "Hvozdoviè, Jan"]
[Black "Kocí, Tomáš"]
[Result "0-1"]
[WhiteElo "1274"]
[BlackElo "1414"]
[PlyCount "110"]
[EventDate "2014.10.25"]

1. e4 e6 2. d4 d5 3. Nc3 Nf6 4. e5 Nfd7 5. Nf3 c5 6. Bf4 Nc6 7. Bb5 a6 8. Bxc6
bxc6 9. O-O cxd4 10. Nxd4 Bb7 11. Re1 Bb4 12. Bd2 O-O 13. a3 Ba5 14. b4 Bc7 15.
Bf4 f6 16. Nf3 fxe5 17. Bxe5 Nxe5 18. Nxe5 Qf6 19. Nf3 Qxc3 20. Qd3 Qxd3 21.
cxd3 Rae8 22. d4 Rf5 23. Rad1 a5 24. Rd2 Ba6 25. Rc2 Bb5 26. bxa5 Bxa5 27. Re3
Rf7 28. a4 Bxa4 29. Ra2 Rb7 30. g3 Rb4 31. Kg2 Bc7 32. Rea3 Bb5 33. Re3 Rb1 34.
Re1 Rxe1 35. Nxe1 e5 36. Nf3 e4 37. Ng1 Bb6 38. Rd2 Bd3 39. f3 Bxd4 40. fxe4
Bxe4+ 41. Kf1 Rf8+ 42. Ke2 Rf2+ 43. Kd1 Rxd2+ 44. Kxd2 Bxg1 45. h3 c5 46. g4 d4
47. g5 c4 48. h4 c3+ 49. Kd1 d3 50. g6 c2+ 51. Kd2 c1=Q+ 52. Kxc1 Be3+ 53. Kb2
d2 54. gxh7+ Kxh7 55. h5 d1=Q 0-1

[Event "MMaS_2014_U12"]
[Site "?"]
[Date "2014.10.27"]
[Round "6.14"]
[White "Keprt, Tomas"]
[Black "Kriz, Tomas"]
[Result "0-1"]
[WhiteElo "1254"]
[BlackElo "1357"]
[PlyCount "94"]
[EventDate "2014.10.25"]

1. e4 c5 2. Nf3 Nc6 3. Be2 d6 4. O-O Nf6 5. Nc3 e6 6. d4 cxd4 7. Nxd4 Bd7 8.
Bg5 Be7 9. Qd2 a6 10. a3 O-O 11. Qd3 Rc8 12. Rad1 Qc7 13. Nxc6 Bxc6 14. Bxf6
Bxf6 15. Qxd6 Bxc3 16. bxc3 Bxe4 17. Qxc7 Rxc7 18. c4 Bxc2 19. Rc1 Bg6 20. Rfd1
Rfc8 21. Rc3 h6 22. Rd4 b5 23. f3 Kf8 24. Kf2 Ke7 25. Ke3 f6 26. Bd3 Bf7 27. g3
e5 28. Re4 g5 29. Kd2 Bg6 30. Re3 Bxd3 31. Rexd3 Rxc4 32. Rxc4 Rxc4 33. Rd5 Ke6
34. Rd8 Rd4+ 35. Rxd4 exd4 36. Kd3 Kd5 37. g4 a5 38. h3 b4 39. axb4 axb4 40.
Kc2 Kc4 41. Kd2 b3 42. Kc1 Kc3 43. Kb1 d3 44. Kc1 b2+ 45. Kb1 d2 46. Ka2 d1=Q
47. Ka3 Qb3# 0-1

[Event "MMaS_2014_U14"]
[Site "?"]
[Date "2014.10.26"]
[Round "4.1"]
[White "Vraj, Ondrej"]
[Black "Vraj, Karel"]
[Result "1-0"]
[WhiteElo "1843"]
[BlackElo "1767"]
[PlyCount "77"]
[EventDate "2014.??.??"]

1. e4 e5 2. Nf3 Nc6 3. Bc4 Be7 4. c3 Nf6 5. O-O Nxe4 6. Bd5 Nf6 7. Bxc6 dxc6 8.
Nxe5 O-O 9. d4 c5 10. Be3 Nd5 11. Nd2 cxd4 12. Bxd4 c5 13. Be3 Nxe3 14. fxe3
Bf6 15. Ndf3 Qxd1 16. Raxd1 Be6 17. Nd7 Bxd7 18. Rxd7 b6 19. Rfd1 Rfd8 20. e4
Re8 21. Re1 Red8 22. Rc7 Rdc8 23. Rb7 Rcb8 24. Rxb8+ Rxb8 25. Rd1 Rd8 26. Rd5
Kf8 27. g4 Rxd5 28. exd5 h6 29. Kf2 Ke7 30. Ke3 Kd6 31. Ke4 g6 32. h4 Bg7 33.
h5 g5 34. Nd2 b5 35. Nf1 Be5 36. Ne3 Bh8 37. Nf5+ Kd7 38. Nxh6 f6 39. Nf7 1-0

[Event "MMaS_2014_U14"]
[Site "?"]
[Date "2014.10.26"]
[Round "4.2"]
[White "Jurasek, Vojtech"]
[Black "Zitny, Michal"]
[Result "1-0"]
[WhiteElo "1722"]
[BlackElo "1654"]
[PlyCount "78"]
[EventDate "2014.??.??"]

1. d4 Nf6 2. Nf3 g6 3. c4 Bg7 4. Nc3 d5 5. Bf4 Bf5 6. e3 O-O 7. Be2 c6 8. O-O
Nbd7 9. Rc1 dxc4 10. Bxc4 Nb6 11. Bb3 Nbd5 12. Be5 Nxc3 13. bxc3 e6 14. Nh4 Ne4
15. Bxg7 Kxg7 16. Nxf5+ gxf5 17. f3 Nd6 18. Bc2 Qg5 19. Qe1 Nc4 20. f4 Qh5 21.
Bd1 Qg6 22. Rf3 Kh8 23. Rg3 Qh6 24. Rh3 Qg6 25. Bh5 Qg7 26. Bf3 Nd6 27. Qd2 Rg8
28. c4 Rad8 29. c5 Nb5 30. Rb1 Rb8 31. Qe1 Nc7 32. Qh4 Nd5 33. Bxd5 cxd5 34.
Rg3 Qf8 35. Qf6+ Rg7 36. a4 b6 37. a5 b5 38. Qe5 a6 39. Rxg7 Ra8 1-0

[Event "MMaS_2014_U14"]
[Site "?"]
[Date "2014.10.26"]
[Round "4.3"]
[White "Budik, Pavel"]
[Black "Klubal, Jiri"]
[Result "1/2-1/2"]
[WhiteElo "1616"]
[BlackElo "1524"]
[PlyCount "46"]
[EventDate "2014.??.??"]

1. e4 e5 2. Nc3 Nf6 3. f4 exf4 4. e5 Ng8 5. Nf3 d6 6. d4 dxe5 7. dxe5 Qxd1+ 8.
Kxd1 Bg4 9. Nd5 Kd7 10. Bxf4 Nc6 11. Bb5 a6 12. Bxc6+ Kxc6 13. Ne3 Rd8+ 14. Ke2
Be6 15. Rad1 Rxd1 16. Rxd1 Bc5 17. a3 Ne7 18. Nd4+ Bxd4 19. Rxd4 Nf5 20. Nxf5
Bxf5 21. c3 Re8 22. Kf3 Be6 23. g4 g6 1/2-1/2

[Event "MMaS_2014_U14"]
[Site "?"]
[Date "2014.10.26"]
[Round "4.4"]
[White "Londin, Simon"]
[Black "Glozar, Petr"]
[Result "0-1"]
[WhiteElo "1535"]
[BlackElo "1813"]
[PlyCount "58"]
[EventDate "2014.10.25"]

1. e4 c5 2. Nf3 Nc6 3. d4 cxd4 4. Nxd4 Nf6 5. Nc3 d6 6. f3 e5 7. Nb3 h6 8. Be3
Be7 9. Qd2 Be6 10. O-O-O a5 11. Bb5 O-O 12. g4 Nb4 13. Kb1 d5 14. g5 hxg5 15.
Bxg5 d4 16. Qg2 Nh5 17. Be2 Qb6 18. Rhg1 g6 19. Bd2 dxc3 20. f4 a4 21. a3 axb3
22. cxb3 c2+ 23. Ka1 cxd1=Q+ 24. Bxd1 Qd4 25. Kb1 Qd3+ 26. Ka1 Rfc8 27. Bxh5
Nc2+ 28. Kb1 Nxa3+ 29. Ka2 Qb1+ 0-1

[Event "MMaS_2014_U14"]
[Site "?"]
[Date "2014.10.26"]
[Round "4.5"]
[White "Suchanek, Krystof"]
[Black "Sramek, Vojtech"]
[Result "0-1"]
[WhiteElo "1509"]
[BlackElo "1709"]
[PlyCount "68"]
[EventDate "2014.10.25"]

1. e4 d5 2. exd5 Nf6 3. c4 c6 4. d4 cxd5 5. Nf3 Bf5 6. Nc3 e6 7. Bg5 Be7 8. c5
O-O 9. a3 Nc6 10. Bb5 Qc7 11. O-O Bg4 12. Be2 b6 13. b4 bxc5 14. bxc5 Rad8 15.
Qd2 Ne4 16. Nxe4 dxe4 17. Bxe7 Qxe7 18. Bb5 Nxd4 19. Nxd4 Qxc5 20. Nxe6 Bxe6
21. Qe2 Rb8 22. a4 f5 23. Rac1 Qe5 24. Rfe1 Rbc8 25. Rxc8 Rxc8 26. Kf1 Qxh2 27.
f3 Bb3 28. Qe3 Qh1+ 29. Kf2 Qh4+ 30. Kf1 Bf7 31. fxe4 fxe4 32. Qxa7 Rf8 33. Qe3
Qh2 34. Qf2 Bd5 0-1

[Event "MMaS_2014_U14"]
[Site "?"]
[Date "2014.10.26"]
[Round "4.6"]
[White "Chwistek, Karel"]
[Black "Pekarek, Ales"]
[Result "1/2-1/2"]
[WhiteElo "1695"]
[BlackElo "1539"]
[PlyCount "46"]
[EventDate "2014.10.25"]

1. e4 e6 2. d4 d5 3. exd5 exd5 4. Bd3 Nc6 5. c3 Bd6 6. Nf3 Qe7+ 7. Qe2 Bg4 8.
Be3 Qf6 9. Nbd2 Nge7 10. h3 Bh5 11. O-O Bf4 12. Rfe1 O-O 13. Qf1 Rfe8 14. Bxf4
Qxf4 15. Re3 Bg6 16. Rae1 a6 17. Bxg6 hxg6 18. R1e2 f6 19. Qe1 Qd6 20. Nb3 b6
21. Nc1 Kf7 22. Nd3 a5 23. Re6 Qd7 1/2-1/2

[Event "MMaS_2014_U14"]
[Site "?"]
[Date "2014.10.26"]
[Round "4.7"]
[White "Bauer, Miroslav"]
[Black "Chlebek, Jan"]
[Result "0-1"]
[WhiteElo "1488"]
[BlackElo "1643"]
[PlyCount "82"]
[EventDate "2014.10.25"]

1. e4 c5 2. c3 d5 3. exd5 Qxd5 4. d4 Nc6 5. Nf3 Bg4 6. Be2 cxd4 7. cxd4 e5 8.
Nc3 Bb4 9. a3 Bxc3+ 10. bxc3 O-O-O 11. O-O Nf6 12. Be3 Ne4 13. Qc2 f5 14. Rfd1
f4 15. dxe5 Qe6 16. Qxe4 fxe3 17. Qxe3 Bxf3 18. Bxf3 Nxe5 19. Bxb7+ Kxb7 20.
Rab1+ Kc8 21. Qc5+ Nc6 22. Rxd8+ Rxd8 23. h3 Kc7 24. Qb5 Rb8 25. Qd3 Qg6 26.
Qxg6 hxg6 27. Rxb8 Nxb8 28. Kf1 Kc6 29. Ke2 Kb5 30. Kd3 Ka4 31. f4 Kxa3 32. Kc2
a5 33. g4 Nd7 34. h4 Nf6 35. f5 gxf5 36. gxf5 Nd5 37. Kc1 Ne3 38. c4 Nxf5 39.
h5 Kb4 40. Kb2 Kxc4 41. Ka2 Ng3 0-1

[Event "MMaS_2014_U14"]
[Site "?"]
[Date "2014.10.26"]
[Round "4.8"]
[White "Broz, Petr"]
[Black "Oplustil, David"]
[Result "1-0"]
[WhiteElo "1438"]
[BlackElo "1624"]
[PlyCount "115"]
[EventDate "2014.10.25"]

1. e4 c5 2. Nf3 d6 3. d4 cxd4 4. Nxd4 Nf6 5. Nc3 g6 6. Be3 Bg7 7. f3 O-O 8. Bc4
Nc6 9. Qd2 Bd7 10. O-O-O Rc8 11. Bb3 Ne5 12. Kb1 Nc4 13. Bxc4 Rxc4 14. h4 h5
15. g4 Re8 16. gxh5 Nxh5 17. Rhg1 Qa5 18. Nb3 Qa6 19. Rg5 Rec8 20. Ra5 Qc6 21.
Rxh5 gxh5 22. Bh6 d5 23. Bxg7 Kxg7 24. Qg5+ Qg6 25. Qxg6+ Kxg6 26. Nxd5 e6 27.
Ne7+ Kg7 28. Nxc8 Bxc8 29. Nd4 f5 30. Nb5 fxe4 31. Nd6 Rc6 32. fxe4 e5 33. Nxc8
Rxc8 34. b3 Rc7 35. c4 Rf7 36. Rg1+ Kh6 37. Rg5 Rf4 38. Rxe5 Rxh4 39. Kb2 Rh1
40. Kc3 h4 41. Re8 Kg7 42. Re7+ Kf6 43. Rxb7 h3 44. Rh7 h2 45. Kb4 Ke5 46. Rh8
Kxe4 47. c5 Kd5 48. Kb5 a6+ 49. Kb6 Rg1 50. Rxh2 Rg6+ 51. Ka5 Kxc5 52. Rc2+ Kd5
53. a4 Rg3 54. Rd2+ Kc6 55. b4 Rg4 56. Rd8 Kb7 57. Rd7+ Kb8 58. Rd6 1-0

[Event "MMaS_2014_U14"]
[Site "?"]
[Date "2014.10.26"]
[Round "4.9"]
[White "Barak, David"]
[Black "Pavlik, Vladimir"]
[Result "0-1"]
[WhiteElo "1600"]
[BlackElo "1508"]
[PlyCount "66"]
[EventDate "2014.10.25"]

1. e4 c5 2. Nf3 Nc6 3. d4 cxd4 4. Nxd4 g6 5. Nc3 Bg7 6. Be3 Nf6 7. Bc4 d6 8.
O-O O-O 9. Qd2 a6 10. a3 Nxd4 11. Bxd4 b5 12. Bb3 Bb7 13. f3 Rc8 14. Rad1 Qd7
15. Rfe1 Qc6 16. Rc1 Rc7 17. Bxf6 Bxf6 18. Nd5 Qc5+ 19. Kh1 Bxd5 20. Qxd5 Qxd5
21. exd5 Bxb2 22. Rb1 Bxa3 23. Ra1 Bb4 24. Re4 a5 25. h3 Bc3 26. Ra3 a4 27. Ba2
Bb2 28. Rd3 Rxc2 29. Rxe7 Be5 30. Rxe5 dxe5 31. Ra3 Rc1+ 32. Kh2 Ra1 33. d6 Kg7
0-1

[Event "MMaS_2014_U14"]
[Site "?"]
[Date "2014.10.26"]
[Round "4.10"]
[White "Novak, Jan"]
[Black "Ochmyt, Jakub"]
[Result "0-1"]
[WhiteElo "1279"]
[BlackElo "1585"]
[PlyCount "70"]
[EventDate "2014.10.25"]

1. e4 e6 2. d4 d5 3. e5 c5 4. c3 Qb6 5. a3 Nc6 6. Nf3 Nh6 7. b4 cxd4 8. cxd4
Nf5 9. Bb2 g6 10. Bd3 Bg7 11. Bc2 O-O 12. O-O a6 13. Bxf5 exf5 14. Qd3 Bd7 15.
Nbd2 Ne7 16. Qe3 a5 17. Bc3 a4 18. Bb2 Rac8 19. Rac1 Bb5 20. Rfe1 Rfe8 21. Rxc8
Rxc8 22. Ng5 Bh6 23. Qg3 Rc2 24. Bc3 Bxg5 25. Qxg5 Rxc3 26. Qxe7 Rxa3 27. Nf3
Qc6 28. e6 fxe6 29. Rxe6 Ra1+ 30. Ne1 Qd7 31. Qf6 Qf7 32. Qe5 Kf8 33. Qb8+ Be8
34. Qd6+ Kg8 35. Qxd5 Rxe1+ 0-1

[Event "MMaS_2014_U14"]
[Site "?"]
[Date "2014.10.26"]
[Round "4.11"]
[White "Nytra, Ondrej"]
[Black "Kriz, Vojtech"]
[Result "1-0"]
[WhiteElo "1583"]
[BlackElo "1464"]
[PlyCount "65"]
[EventDate "2014.10.25"]

1. e4 c5 2. Nf3 d6 3. d4 cxd4 4. Nxd4 Nf6 5. Nc3 g6 6. Be2 Bg7 7. O-O O-O 8.
Kh1 Nc6 9. Nb3 Bd7 10. f4 Rc8 11. Be3 Na5 12. f5 Nc4 13. Bxc4 Rxc4 14. Nd2 Rb4
15. a3 Rxb2 16. Qc1 Ng4 17. Qxb2 Nxe3 18. Rf3 Ng4 19. Qb3 Qa5 20. Nc4 Qc5 21.
Raf1 Rc8 22. Nd5 Bf8 23. Nce3 Nxe3 24. Nxe3 Bb5 25. R1f2 Bg7 26. fxg6 Bc4 27.
gxf7+ Kf8 28. Nxc4 Qxc4 29. Qxb7 Bd4 30. Rf1 Qxc2 31. Rg3 Bg7 32. Rxg7 Kxg7 33.
Qxe7 1-0